01051nam a22001697a 4500003000400000020001800004082001400022100002300036245004500059260003400104300000800138650001600146653054300162942001600705952014500721999001500866SGT  a9788174465191  a658.3,SEN  aSENGUPTA, NILANJAN  aINTERNATIONAL HUMAN RESOURCE MANAGEMENT   aNEW DELHI bEXCEL BOOKSc2007  a322  aMANAGEMENT   a INTERNATIONAL CONTEXT OF BUSINESS 3 	 STRATEGIC PLANNING 19 	 RECRUITMENT SELECTION AND STAFFING IN INTERNATIONAL CONTEXT 57 	 TRAINING AND DEVELOPMENT IN INTERNATIONAL CONTEXT	87 	 COMPENSATION MANAGEMENT IN INTERNATIONAL CONTEXT	113 	 PERFORMANCE MANAGEMENT	135 	 INDUSTRIAL RELATIONS IN INTERNATIONAL CONTEXT	159 	 ROLE OF CULTURE IN INTERNATIONAL HRM	181 	 ORGANIZATIONAL PROCESSES IN INTERNATIONAL HRM	211 	 THE ROLE OF THE GLOBAL HR MANAGER	251 	 WOMEN EXPATRIATES	269 	 INTERNATIONAL JOINT VENTURES	289 	 INDEX	315 	 COPYRIGHT   	  2ddccFCM01  00102ddc40708CMaSSSLbSSSLcTXTd2016-06-14eGIFT g275.00iSGTUl1o658.3,SENpCM223r2023-09-29 00:00:00s2023-09-18w2016-06-14yFCM  c9009d9009